00361nam a2200145Ia 4500008004100000020001500041041001200056082001100068100001300079245004000092250000800132260004800140300000800188650001900196221030s9999 xx 000 0 und d a8122416896 aEnglish a105.23 aD. Datta 0aTextbook of Engineering Mathematics a2nd bNew Age International Pub.aNew Delhic2006 a926 aBB Mathematics